Економіка праці в організації навч. посіб
Сохранить в:
| Соавтор: | |
|---|---|
| Другие авторы: | , |
| Формат: | |
| Язык: | украинский |
| Опубликовано: |
Х. :
ХНЕУ
2006
|
| Предметы: | |
| Метки: |
Добавить метку
Нет меток, Требуется 1-ая метка записи!
|
MARC
| LEADER | 00000nam a2200000 i 4500 | ||
|---|---|---|---|
| 001 | in00000000826 | ||
| 005 | 20251126075715.9 | ||
| 002 | 526810/М82-396339 | ||
| 008 | 080219s2006 unr l000 0yukr d | ||
| 020 | |a 9666761580 |c 21.50 грн | ||
| 035 | |a ( UA-KiNSAL)526810/М82-396339 | ||
| 040 | |a UA-KiNSAL |b ukr |c UA-KiNSAL | ||
| 080 | |a 658.3(075.8) | ||
| 090 | |a 658.3(075.8) |b М82 | ||
| 100 | 1 | |a Москаленко, Н.О. |q (Наталя Олександрівна), |e автор. | |
| 245 | 1 | 0 | |a Економіка праці в організації : |b навч. посіб. / |c Н. О. Москаленко, І. П. Отенко; М-во освіти і науки України , Харківський нац. екон. ун-т |
| 260 | |a Х. : |b ХНЕУ, |c 2006 | ||
| 300 | |a 232с. | ||
| 504 | |a Бібліогр.: с. 226-228 | ||
| 530 | |a Original record |u https://kubg.libs.net.ua/kubg_recs/0000020249.txt | ||
| 650 | 0 | 4 | |a Економіка і організація сільського господарства |x Загальні питання |
| 700 | 1 | |a Отенко, І.П. |q Ірина Павлівна |e автор | |
| 710 | 2 | 1 | |a М-во освіти і науки України 21 |a Харків. нац. екон. ун-т |
| 942 | |2 UDC |c BK | ||
| 952 | |a XP |b книга |d ХР |z 20080219 |i 526810 |p Kn0011268 |j 526810/М82-396339 |o 658.3(075.8) М82 |a 5 |g 21.50 |c 1 | ||
| 920 | |a PAZK | ||
| 961 | |a 691 | ||
| 991 | 0 | 0 | |a 526810/М82-396339 |
| 997 | |a 0000020249 | ||
| 998 | |a 20249 | ||
| 999 | f | f | |i d2b1c75f-072b-49cf-b1dc-0f3d3b9bfe30 |s 932ddc35-4d79-44ce-ba42-c08324c45fef |t 0 |
| 952 | f | f | |p Може видаватися |a Національна наукова сільськогосподарська бібліотека |b Центральна будівля |c ННСБ всі підрозділи |d Відділ зберігання |t 0 |e 526810/М82-396339 |i книга |m Kn0011268 |n 1 |